MARC

LEADER 00000nas a2200000 i 4500
001 ssj0001137
003 WaSeSS
005 20200512172242.0
006 m d
007 cr n
008 920311c19929999vaumr pss 0 a0eng c
010 |a  2015247533 
016 7 |a 02315876X  |2 DE-101 
016 7 |a 2070046-5  |2 DE-600 
016 7 |a 008546125  |2 Uk 
016 7 |a 02315876X  |2 de-101 
016 7 |a 20700465  |2 de-600 
022 |a 2381-4160  |y 1061-7639 
035 |a (WaSeSS)ssj0001137 
040 |a AZU  |b eng  |c AZU  |d OCLCQ  |d AU@  |d OCLCQ  |d HEBIS  |d DEBBG  |d OCLCE  |d OCLCQ  |d GBVCP  |d OCLCO  |d GUA  |d OCLCO  |d COD  |d OCLCO  |d DLC  |d UKMGB  |d OCLCF  |d UMC  |d OCLCQ  |d OCLCO  |d VT2  |d OCLCO  |d ZAC  |d TXA  |d U3W  |d UUM  |d WaSeSS 
042 |a pcc  |a dlr  |a nsdp 
043 |a n-us--- 
050 0 0 |a JK1  |b .B86 
070 1 |a JA3.B8 
082 0 0 |a 353/.0005 
210 0 |a Public manag.  |b (Potom. Md. Online) 
222 4 |a The Public manager  |b (Potomac, Md. Online) 
245 0 4 |a The Public manager  |h [electronic resource]. 
246 1 |a New bureaucrat 
260 |a Potomac, MD :  |b The Bureaucrat 
260 2 |3 -summer 2015 :  |a Alexandria, VA :  |b The Public Manager/ASTD 
260 3 |3 Sept. 2015- :  |a Alexandria, VA :  |b Association for Talent Development 
310 |a Monthly,  |b Sept. 2015- 
321 |a Quarterly,  |b 1992-summer 2015 
362 1 |a Print began with: Vol. 21, no. 1 (spring 1992). 
506 |a License restrictions may limit access. 
538 |a Master and use copy. Digital master created according to Benchmark for Faithful Digital Reproductions of Monographs and Serials, Version 1. Digital Library Federation, December 2002.  |u http://purl.oclc.org/DLF/benchrepro0212  |5 MiAaHDL 
583 1 |a digitized  |c 2010  |h HathiTrust Digital Library  |l committed to preserve  |2 pda  |5 MiAaHDL 
588 |a Description based on print version record. 
588 |a Latest issue consulted: Summer 2015 (Association for Talent Development website, viewed Aug. 27, 2015). 
650 0 |a Public administration  |v Periodicals. 
650 6 |a Administration publique (Science)  |v Périodiques. 
650 7 |a Politics and government  |2 fast  |0 (OCoLC)fst01919741 
650 7 |a Public administration.  |2 fast  |0 (OCoLC)fst01081976 
650 1 7 |a Administration publique.  |2 rasuqam 
650 1 7 |a Gestion publique.  |2 rasuqam 
651 0 |a United States  |x Politics and government  |v Periodicals. 
651 6 |a États-Unis  |x Politique et gouvernement  |y 1989-1993  |v Périodiques. 
651 7 |a United States.  |2 fast  |0 (OCoLC)fst01204155 
651 7 |a États-Unis.  |2 rasuqam 
655 0 |a Electronic journals. 
776 0 8 |i Print version, spring 1992-summer 2015:  |t Public manager  |x 1061-7639  |w (DLC) 93645818  |w (OCoLC)25453575 
780 0 0 |t Bureaucrat  |w (OCoLC)60617042 
856 4 0 |z Full text available from Research Library: 04/01/2005 to 07/31/2015  |u https://search.proquest.com/publication/47605